000 01760nam a2200409Ii 4500
001 DIGUCAUCA0066
003 NyNyDIG
007 cr |||||||||||
008 210830s2017 ck a ob 001 0dspa d
006 m o d
035 _a(OCoLC)1253291164
040 _aDGITA
_beng
_erda
_epn
_cDGITA
020 _z9789587322521
050 1 4 _aLB2395.7 ebook
082 1 4 _a378.1734
100 1 _aMosquera Ríos, Mauricio Andrés,
_eauthor.
245 1 0 _aEstrategia de aprendizaje basada en herramientas web 2.0 en el ámbito universitario :
_buna experiencia de aula /
_cMauricio Andrés Mosquera Ríos.
264 1 _aPopayán, Colombia :
_bEditorial Universidad del Cauca,
_c[2017]
300 _a1 online resource :
_billustrations.
336 _atext
_btxt
_2rdacontent
337 _acomputer
_bc
_2rdamedia
338 _aonline resource
_bcr
_2rdacarrier
347 _atext file
_2rdaft
347 _bPDF
504 _aIncludes bibliographical references and index.
588 0 _aOnline resource; title from PDF title page (Digitalia, viewed August 30, 2021)
650 0 _aWeb 2.0.
650 0 _aEducation, Higher
_xComputer-assisted instruction.
650 0 _aInternet in education.
655 0 _aElectronic books.
791 2 _aDigitalia (Firm),
_edistributor.
793 0 _gDigitalia eBook Collection:
_aEditorial Universidad del Cauca
776 0 8 _iPrint version:
_aMosquera Ríos, Mauricio Andrés.
_tEstrategia de aprendizaje basada en herramientas web 2.0 en el ámbito universitario.
_bPrimera edición en español.
_dPopayán, Colombia : Editorial Universidad del Cauca, [2017]
_z9789587322521
856 4 0 _3Digitalia Hispánica
_uhttps://www.digitaliapublishing.com/a/82800/
910 _aPremium collection: 2021
942 _cRAA
999 _c265587
_d265587